000 01388nam0a22002651 4500
001 rc\3574174
005 20250610073921.0
021 _aRU
_b[71-38716]
035 _a(NLR Aleph) 007801720
090 _a7684944
_c7684944
100 _a20130115d1971 |||y0rusy50 ca
101 0 _arus
102 _aRU
105 _ay z |||||
200 1 _aО повышении надежности и эксплуатационных качеств строительных машин и перспективы увеличения объема производства машин, запасных частей, узлов и агрегатов
_e[Доклад]
_fГос. ком. Совета Министров СССР по делам стр-ва "Госстрой СССР". Всесоюз. совещ. по совершенствованию управления парком строит. машин и улучшения их использования (26-27 мая)
210 _aСвердловск
_cБ. и.
_d1971
215 _a9 с.
_d22
606 _aСтроительные машины
_xНадежность
_2psbo
606 _aСтроительное машиностроение
_2psbo
700 1 _aПанкрашкин
_bП.В.
_gПавел Васильевич
801 0 _aRU
_bNLR
_gpsbo
801 1 _aRU
_bELAR
_2rusmarc
852 _aNLR
_j71-6/2772
942 _cBOOK
980 _aNB